| 000 | 00601nam a2200181Ia 4500 | ||
|---|---|---|---|
| 008 | 090124s9999 xx 000 0 und d | ||
| 082 |
_b20500 _a503 |
||
| 100 | _aआठवले शांताराम | ||
| 245 | _a ज्ञानदेवीची आराधना | ||
| 250 | _a1 | ||
| 260 | _c1974 | ||
| 300 | _a368+12 | ||
| 600 | _aआठवले शांताराम | ||
| 630 | _a ज्ञानदेवीची आराधना | ||
| 700 | _aआठवले शांताराम | ||
| 730 | _a ज्ञानदेवीची आराधना | ||
| 942 | _cBOOK | ||
| 999 |
_c134305 _d134305 |
||